Statystyki dla Wszyscy Trenerzy Którzy Wygrali Premier League

Kliknij tutaj aby rozwiązać quiz!

Ogólne statystyki

  • Ten quiz został rozwiązany 69 razy
  • Średni wynik to 7 z 11

Statystyki odpowiedzi

klubtrenerzy% Poprawnych
Manchester CityPep Guardiola
100%
FC LiverpoolJurgen Klopp
94%
Manchester UnitedSir Alex Ferguson
81%
FC ArsenalArsene Wenger
74%
Chelsea FCJose Mourinho
71%
Chelsea FCAntonio Conte
60%
Leicester CityClaudio Ranieri
56%
Manchester CityRoberto Mancini
48%
Manchester CityManuel Pellegrini
42%
Chelsea FCCarlo Ancelotti
26%
Blackburn RoversKenny Dalglish
6%

Rozkład punktacji

Percentyl według liczby udzielonych odpowiedzi

Procent ludzi z każdym wynikiem

Twoja historia wyników

Nie rozwiązałeś tego quizu